1522 1725 1079 1406 1371 1471 1312 1510 1611 1166 1239 1044 1815 1220 1488 1017 1343 1235 1921 1542 1832 1406 1564 1338 1288 1409 1912 1585 1854 1356 1040 1351 1116 1806 1228 1329 1361 1203 1651 1099 1045 1466 1962 1684 1856 1157 1413 1280 1095 1566 1434 1383 1631 1719 1128 1221 1326 1131 1739 1103 1854 1490 1769 1796 1856 1187 1258 1084 1157 1170 1622 1459 1079 1236 1405 1413 1600 1526 1673 1233 1684 1820 1992 1831 1708 1434 1393 1277 1483 1290 1853 1146 1607 1823 1995 1809 1477 1621 1532 BCNSPRNW ULIB Ver.6.0+V

เปลี่ยนเป็นภาษาไทย

Change to English
 แสดงรายละเอียดบรรณานุกรม
  กลับหน้าหลัก

Brief Record : Get Marc (ISO 2709) : E-mail record : QR code < ปิดหน้าต่าง
LEADER : 00000nam 2200000uu 4500
001    13399115027
003     ULIB
008    120703s2003||||th 000 0 eng d
020    ^a9781929007110
060 14 ^aQS17^bN474A
100    ^aNetter Frank H.
110    ^aELSEVIER
245    ^aAtlas of human anatomy /^cNetter Frank H.
260    ^aUSA :^bSaunders/ELSEVIER,^c2003
300    ^a580 pages
650    ^aHuman anatomy
945    ^p0^l0^i17655
945    ^p0^l0^i17656
999 ^a ใช้งานได้ทุกระบบ
รายการนี้ยังไม่มีแท็ก
คุณยังไม่ได้ล็อกอิน คุณสามารถมีกิจกรรมร่วมกับเว็บไซต์ได้ แต่ต้องล็อกอินก่อน ::
  ล็อกอิน

รายการสื่อสารสนเทศ

ลำดับที่ ประเภท เลขเรียก/บาร์โค้ด สถานที่ สถานะ
- ไม่พบข้อมูล -

รายการใกล้เคียง
    ผู้แต่ง [Netter Frank H.]

    หัวเรื่อง [Human anatomy]

BibComment


ยังไม่เคยถูกคอมเมนท์

คอมเมนท์ทรัพยากรรายการนี้
  คอมเมนท์: Atlas of human a..


 Copyright 2026. Bcnsprnw @Library